000 00464nam a22001697a 4500
003 BD-ChCU
005 20260302123659.0
008 260302b bg ||||| |||| 00| 0 ben d
040 _cBD-ChCU
082 _a330.954 TAI
100 _aTarlok Singh
_920711
245 _aIndia's development experience ./
_cSingh , Tarlok
260 _aDelhi :
_bMacmillan ,
_cC 1974
300 _axx , 458p.
650 0 _aIndia - Economic Condition .
_920712
942 _2ddc
_cBK
_n0
999 _c111805
_d111805